| 000 | 00663nam a22002177a 4500 | ||
|---|---|---|---|
| 005 | 20170523115836.0 | ||
| 010 | _aENG-118296 | ||
| 020 |
_a9789339219505 _c525.00 |
||
| 020 |
_a9339219503 _c525.00 |
||
| 035 | _aEN-101828 | ||
| 037 | _bDBAD/PUB | ||
| 082 | _a621.3815 | ||
| 100 | _aSalivahanan,S. | ||
| 245 |
_aElectronic devices and circuits / _cby S.Salivahanan [and] N. Suresh Kumar |
||
| 246 | _a4th ed. | ||
| 260 |
_aNoida _bMcGraw Hill Education _c2017 |
||
| 270 |
_aB-4,Sector-63,Distt. Gautam Budh Nagar _bNoida (UP) _e201301 |
||
| 300 |
_aVarious pagings : _c28cm(pbk) _bill. |
||
| 490 | _a | ||
| 942 |
_2ddc _cEN _h621.3815 _mSAL |
||
| 999 |
_c140296 _d140296 |
||